| 000 | 01203nam a22002057a 4500 | ||
|---|---|---|---|
| 003 | JO-AjAnu | ||
| 005 | 20250715104147.0 | ||
| 008 | 250715b jo ||||| |||| 00| 0 ara d | ||
| 040 |
_aJO-AjAnu _bara _cJO-AjAnu _dJO-AjAnu _erda |
||
| 041 |
_aara _hara |
||
| 050 |
_aHD8039 _b2025 |
||
| 100 | 1 |
_aالعوذه، مشاري نزال مساعد _eمعد _966595 |
|
| 245 | 0 |
_aاثر متطلبات العمل على سلوك السلامة البدنية والنفسية للعاملين في شركات المقاولات السعودية = The Impact of Job Requirements on the Physical and Psychological Safety Behaviour of Employees in Saudi Construction Companies / _cاعداد مشاري نزال مساعد العوذه ؛ اشراف نضال فواز حسين القضاة |
|
| 260 | _c2025 | ||
| 300 | _a113 ورقة | ||
| 504 | _aرسالة جامعية(رسالة ماجستير)- جامعة عجلون الوطنية(عجلون، الاردن)-كلية الاعمال، قسم ادارة الاعمال، 2025 | ||
| 650 | 7 | 0 |
_aادارة الاعمال- العمال- صحة وسلامة _966596 |
| 700 | 1 |
_aالقضاة، نضال فواز حسين _964939 _eمشرف |
|
| 942 |
_2lcc _cTHS _n0 |
||
| 999 |
_c33945 _d33945 |
||